All TF2 Soldier Weapons - Statistics

General Stats
  • This quiz has been taken 18 times
  • The average score is 23 of 26
Answer Stats
Weapon Slot Weapon % Correct
Primary Air Strike
100%
Primary Direct Hit
100%
Melee Escape Plan
100%
Melee Market Gardener
100%
Primary Original
100%
Primary Rocket Launcher
100%
Secondary Shotgun
100%
Melee Shovel
100%
Primary Beggar's Bazooka
92%
Primary Black Box
92%
Secondary Gunboats
92%
Primary Liberty Launcher
92%
Secondary Mantreads
92%
Secondary Panic Attack
92%
Primary Rocket Jumper
92%
Secondary Battalion's Backup
85%
Melee Disciplinary Action
85%
Melee Equalizer
85%
Secondary Reserve Shooter
85%
Secondary B.A.S.E. Jumper
77%
Secondary Concheror
77%
Primary Cow Mangler 5000
77%
Melee Half-Zatoichi
77%
Secondary Buff Banner
69%
Melee Pain Train
69%
Secondary Righteous Bison
62%
No matching quizzes found
Score Distribution
Percent of People with Each Score
Percentile by Number Answered
Your Score History
You have not taken this quiz